Marcatori del Napoli in UEFA Europa League 2012-2013 - Statistics

Statistiche generali
  • Questo quiz è stato fatto 16 volte
  • Il punteggio medio è 9 su 12
Statistiche sulle risposte
Partita Minuto Marcatore % Corretto
Dnipro - Napoli 3-1 75' Edinson Cavani
100%
Napoli - Dnipro 4-2 7' Edinson Cavani
100%
Napoli - Dnipro 4-2 77' Edinson Cavani
100%
Napoli - Dnipro 4-2 88' Edinson Cavani
100%
Napoli - Dnipro 4-2 92' Edinson Cavani
100%
AIK - Napoli 2-1 94' Edinson Cavani
100%
Napoli - PSV 1-3 18' Edinson Cavani
100%
Napoli - AIK 4-0 91' Blerim Džemaili
54%
AIK - Napoli 2-1 20' Blerim Džemaili
54%
Napoli - AIK 4-0 6' Eduardo Vargas
38%
Napoli - AIK 4-0 46' Eduardo Vargas
38%
Napoli - AIK 4-0 69' Eduardo Vargas
38%
Nessun quiz corrispondente trovato
Distribuzione punteggi
Percentuale di utenti per punteggio
Percentile per numero di risposta
I tuoi punteggi nel tempo
Non hai fatto questo quiz